00771nam a2200181 a 4500003000200000005001700002008004100019050003200060100003900092245016100131260009200292300004800384504004100432650002700473650002800500650003900528650002200567020250618130821.0021125s19uu xx 00 eng d aPGS LB 1044.87 b.B516 2000 aBermudez, Gracielle Jayces Flor L. aThe perceptions of grade 6 students of Southville International School on the importance of internet for their studies /cGracielle Jayces Flor L. Bermudez. aLas Piñas City, Philippines : bSouthville International School and Colleges,c2000. a30 pages :bcolored illustrations ;c28 cm. aIncludes bibliographical references. aInternet in education. aEducational technology. aGrade school students vAttitudes. aDigital literacy.